01337agaaa2200313 45000010005000000030009000050050017000140070009000310080040000400400023000800410013001031000045001161300027001612400038001882450143002262460031003692500022004002600075004223000034004975080146005315110074006775200013007515380016007645460013007806500056007937000060008497000057009097000057009663569IT-RoPAU20220918181232.0d cvaizq50131s9999||||xx ||| | || ||und|| aIT-RoPAUcIT-RoPAU aITALIANO aJordan NeilgCodice regista SPICS: 10265 aINTERVISTA COL VAMPIRO aINTERVIEW WITH THE VAMPIREgT2933 aINTERVISTA COL VAMPIROcSceneggiatura: Rice Anne -- Diretto da: Jordan NeilpINTERVISTA COL VAMPIRO (Rif. Codice opera principale : D3569) aINTERVIEW WITH THE VAMPIRE aEdizione Standard a(USA)bWARNER BROS / g"1994 (1° ed.: 1994 ; Ed. Lingua Orig.: 1994)" aVHSbsonoro, col.c122 minuti a"Fotografia: Rousselot Philippe; Montaggio: Audsley Mick; Musica: Goldenthal Elliot; Sceneggiatura: Rice Anne; Scenografia: Ferretti Dante; " a"Pitt Brad; Slater Christian; Cruise Tom; Dunst Kirsten; Rea Stephen" aVAMPIRI. aPAL, STEREO aITALIANO aDRAMMATICOeFILMS [VHS]xCodice MATERIA SPICS: 9960 aGoldenthal Elliote(musica)gCodice Musica SPICS: 43101 aJordan Neil e(regista)gCodice regista SPICS: 10265 aRice Anne e(soggetto)gCodice Soggetto SPICS: 44717